[Event "Titled Tue 1st Jul Early"]
[Site "chess.com INT"]
[Date "2025.07.01"]
[Round "1"]
[White "Shogdzhiev, Roman"]
[Black "Hrebenshchykova, Yelyzaveta"]
[Result "1-0"]
[WhiteTitle "FM"]
[BlackTitle "WIM"]
[WhiteElo "2411"]
[BlackElo "2265"]
[WhiteFideId "55653537"]
[BlackFideId "14159899"]
[EventDate "2025.07.01"]

1. d3 d5 2. Nd2 c5 3. g3 Nf6 4. Bg2 g6 5. Ngf3 Bg7 6. O-O O-O 7. e4 Nc6 8. Re1
e6 9. Qe2 b6 10. Nf1 Ba6 11. e5 Nd7 12. Bf4 Rc8 13. h4 h6 14. N1h2 Nd4 15. Nxd4
cxd4 16. Nf3 Re8 17. Qd2 Kh7 18. Nxd4 Qc7 19. Qe3 Qc5 20. c3 b5 21. Nc2 Qxe3 22.
Rxe3 Nb6 23. Ree1 Na4 24. Rab1 Bb7 25. d4 Bf8 26. Bf1 a6 27. Bd3 h5 28. g4 hxg4
29. h5 Kg7 30. hxg6 fxg6 31. Ne3 Be7 32. Nxg4 Rh8 33. a3 Rcf8 34. Nf6 Rh3 35.
Bc2 Nb6 36. Kg2 Rfh8 37. Ng4 R3h4 38. f3 Bc6 39. b3 Be8 40. Bd3 g5 41. Bg3 R4h5
42. Nf6 R5h6 43. Nxe8+ Rxe8 44. Rh1 Reh8 45. Rxh6 Rxh6 46. f4 gxf4 47. Bxf4 Rh4
48. Bg3 Rh5 49. Kf3 Bxa3 50. Ra1 Bb2 51. Rxa6 Nd7 52. Rxe6 Kf7 53. Rd6 Ke7 54.
Bxb5 Nf8 55. Kg4 Rh8 56. Bh4+ 1-0

[Event "Titled Tue 1st Jul Early"]
[Site "chess.com INT"]
[Date "2025.07.01"]
[Round "1"]
[White "Mayaud, Raphael"]
[Black "Cuenca Jimenez, Jose Fernando"]
[Result "0-1"]
[WhiteTitle "CM"]
[BlackTitle "GM"]
[WhiteElo "2126"]
[BlackElo "2477"]
[WhiteFideId "627151"]
[BlackFideId "2255570"]
[EventDate "2025.07.01"]

1. d4 Nf6 2. Bg5 d5 3. Bxf6 exf6 4. e3 Bd6 5. c4 dxc4 6. Bxc4 f5 7. Nc3 c6 8.
Nf3 O-O 9. O-O Nd7 10. d5 c5 11. a4 Nf6 12. Qc2 a6 13. Rad1 b6 14. e4 fxe4 15.
Nxe4 Nxe4 16. Qxe4 Qf6 17. Rfe1 Bd7 18. Qd3 Bxa4 19. b3 Bd7 20. Bxa6 g6 21. Bc4
Ra2 22. Re2 Rfa8 23. Rxa2 Rxa2 24. h3 Qf4 25. Qb1 Ra8 26. Qc1 Qxc1 27. Rxc1 b5
28. Bf1 Ra3 29. Rb1 f5 30. Ng5 Kg7 31. Ne6+ Kf6 32. g3 Ra2 33. Nf4 Bxf4 34. gxf4
Ke7 35. Bg2 Kd6 36. h4 c4 37. bxc4 bxc4 38. Bf3 c3 39. Rc1 c2 40. Kg2 Bb5 41. h5
Bd3 42. hxg6 hxg6 43. Be2 Bxe2 44. f3 Bd3 45. Kf2 Rb2 46. Ke3 Rb1 47. Kd2 Rxc1
48. Kxc1 Kxd5 49. Kd2 Kd4 0-1

[Event "Titled Tue 1st Jul Early"]
[Site "chess.com INT"]
[Date "2025.07.01"]
[Round "1"]
[White "Labussiere, Victor"]
[Black "Dahal, Sushrut"]
[Result "1-0"]
[WhiteTitle "FM"]
[BlackTitle "CM"]
[WhiteElo "2298"]
[BlackElo "2041"]
[WhiteFideId "2183129"]
[BlackFideId "12303275"]
[EventDate "2025.07.01"]

1. c4 Nf6 2. Nf3 e6 3. g3 c5 4. Bg2 Nc6 5. O-O Be7 6. d4 cxd4 7. Nxd4 O-O 8. Nc3
a6 9. b3 Qc7 10. Bb2 d6 11. Rc1 Nxd4 12. Qxd4 Bd7 13. e4 Bc6 14. Kh1 Rac8 15. f4
e5 16. Qd2 Nd7 17. Ba3 Rfd8 18. Nd5 Bxd5 19. cxd5 Qb6 20. Bh3 Rxc1 21. Rxc1 exf4
22. gxf4 Bf6 23. Bb4 Qa7 24. Bxd6 Nf8 25. e5 Bh4 26. Bc5 b6 27. Be3 Qb7 28. Bg2
b5 29. d6 Qd7 30. Rc7 Qg4 31. h3 Qh5 32. Qc2 Ne6 33. Rc8 h6 34. Rxd8+ Bxd8 35.
Qd3 g6 36. a4 Qh4 37. Qe4 bxa4 38. bxa4 Qe1+ 39. Kh2 Qe2 40. Qf3 Qc4 41. f5 Ng5
42. Qd5 Qxa4 43. e6 fxe6 44. fxe6 Bf6 45. e7+ Kg7 46. Qc6 Qa2 47. e8=Q Be5+ 48.
Qxe5+ 1-0

[Event "Titled Tue 1st Jul Early"]
[Site "chess.com INT"]
[Date "2025.07.01"]
[Round "1"]
[White "Galchenko, Matvey"]
[Black "Goncharov, Vladimir"]
[Result "1-0"]
[WhiteTitle "IM"]
[WhiteElo "2435"]
[BlackElo "2077"]
[WhiteFideId "24175480"]
[BlackFideId "34162256"]
[EventDate "2025.07.01"]

1. b3 d5 2. Bb2 Bf5 3. Nf3 e6 4. d3 h6 5. Nbd2 Nf6 6. g3 Nbd7 7. Bg2 Bd6 8. O-O
Qe7 9. a3 O-O 10. Qe1 Bh7 11. e4 dxe4 12. dxe4 e5 13. Qe2 Rfe8 14. Nh4 c6 15.
Nc4 Bc7 16. Ne3 Nc5 17. Nhf5 Qf8 18. f3 Ne6 19. Rad1 g6 20. Nh4 Nd4 21. Bxd4
exd4 22. Rxd4 Bb6 23. Rd3 g5 24. Kh1 gxh4 25. gxh4 Kh8 26. Nc4 Bc7 27. Rdd1 Nh5
28. Rd7 Re7 29. Qd2 Rd8 30. Rxd8 Qxd8 31. Qxh6 Ng7 32. Ne3 Re6 33. Qg5 Qxg5 34.
hxg5 Bf4 35. Nc4 Bxg5 36. f4 Bh4 37. f5 Rh6 38. Rd1 Bg8 39. Rd7 f6 40. Ne3 Rh7
41. Ng4 Nh5 42. Rd8 Nf4 43. Bf3 Bg5 44. Kg1 1-0

[Event "Titled Tue 1st Jul Early"]
[Site "chess.com INT"]
[Date "2025.07.01"]
[Round "1"]
[White "Tomb, Maroun"]
[Black "Mitrabha, Guha"]
[Result "0-1"]
[WhiteTitle "CM"]
[BlackTitle "GM"]
[WhiteElo "2090"]
[BlackElo "2515"]
[WhiteFideId "5300398"]
[BlackFideId "5057000"]
[EventDate "2025.07.01"]

1. e4 c6 2. Nc3 d5 3. Nf3 g6 4. h3 Bg7 5. d4 Nf6 6. Bd3 dxe4 7. Nxe4 Bf5 8.
Nxf6+ Bxf6 9. Bxf5 gxf5 10. Qd3 e6 11. Bf4 Nd7 12. O-O-O Qa5 13. Kb1 O-O-O 14.
Qb3 Rhg8 15. g3 Nb6 16. c4 Qa4 17. Qxa4 Nxa4 18. Kc2 Nb6 19. b3 Rd7 20. Rd3 Na8
21. Rhd1 Nc7 22. a4 Na6 23. Bd2 Rgd8 24. Bc3 h5 25. R3d2 Nc7 26. Rg1 Rg8 27.
Rdd1 Ne8 28. Bd2 Nd6 29. Be3 Ne4 30. h4 Rg4 31. Rd3 Rd8 32. Rgd1 f4 33. gxf4
Bxh4 34. Ne5 Rg7 35. Rh1 Bxf2 36. Rxh5 Bxe3 37. Rxe3 Rxd4 38. Rh2 Nd6 39. Nd3
Nf5 40. Reh3 Rd8 41. Kc3 Nd6 42. Re2 Rg1 43. b4 Ra1 44. a5 Ra3+ 45. Kd4 Nf5+ 46.
Ke4 Rd4+ 47. Ke5 Raxd3 48. Rxd3 Rxd3 49. Kf6 Rd7 50. b5 Kc7 51. Rb2 b6 52. axb6+
axb6 53. Ra2 cxb5 54. cxb5 Ne3 55. Ke5 Nc4+ 56. Kf6 Nd6 57. Ra7+ Nb7 58. Ra1 Na5
59. Rc1+ Kb7 60. Rh1 Nc4 61. Rh7 Ne3 62. Rh4 Nd5+ 63. Ke5 Nc7 0-1

[Event "Titled Tue 1st Jul Early"]
[Site "chess.com INT"]
[Date "2025.07.01"]
[Round "1"]
[White "Chiappero, Julio Alfredo"]
[Black "Zakrzewski, Marek"]
[Result "1-0"]
[WhiteTitle "FM"]
[BlackTitle "FM"]
[WhiteElo "2238"]
[BlackElo "2288"]
[WhiteFideId "139998"]
[BlackFideId "1170694"]
[EventDate "2025.07.01"]

1. d4 d5 2. c4 Nc6 3. Nf3 Bg4 4. Nc3 e6 5. cxd5 exd5 6. Bf4 Bd6 7. Bg3 Nf6 8. e3
O-O 9. Bd3 Ne7 10. Nb5 Bb4+ 11. Kf1 c6 12. Nc3 Nf5 13. Qc2 Nd6 14. Ne5 Be6 15.
Bh4 h6 16. Ne2 Rc8 17. a3 Ba5 18. Nf4 g5 19. Nxe6 fxe6 20. Bg3 Nfe4 21. f3 c5
22. dxc5 Rxc5 23. Qe2 Nf5 24. Kg1 Nexg3 25. hxg3 Nxg3 26. Qf2 Nxh1 27. Kxh1 Rc7
28. Qg3 Qf6 29. Ng4 Qg7 30. Qh3 Rf6 31. Nxf6+ Qxf6 32. Qh5 Bb6 33. Qe8+ Kg7 34.
Re1 Re7 35. Qh5 Rc7 36. e4 Qf7 37. Qg4 d4 38. e5 Rc5 39. Qe4 Kf8 40. b4 Rc3 41.
Rd1 Qf4 42. Qxb7 Qf7 43. Qe4 Rxa3 44. Bc4 Rc3 45. Qc6 1-0

[Event "Titled Tue 1st Jul Early"]
[Site "chess.com INT"]
[Date "2025.07.01"]
[Round "1"]
[White "Khazhatuly, Alikhan"]
[Black "Motola, Jacopo"]
[Result "1-0"]
[WhiteTitle "CM"]
[BlackTitle "FM"]
[WhiteElo "2172"]
[BlackElo "2333"]
[WhiteFideId "13731335"]
[BlackFideId "863190"]
[EventDate "2025.07.01"]

1. e4 e5 2. Nf3 Nc6 3. Nc3 Nf6 4. Bb5 Nd4 5. Bc4 Nxf3+ 6. Qxf3 d6 7. O-O Be7 8.
h3 O-O 9. d3 c6 10. Ne2 d5 11. Bb3 Be6 12. Ng3 Qd7 13. Be3 Rfe8 14. Rad1 a5 15.
a3 d4 16. Bxe6 fxe6 17. Bc1 Rf8 18. Ne2 a4 19. g3 b5 20. Qg2 c5 21. Kh1 c4 22.
f4 cxd3 23. cxd3 exf4 24. Bxf4 Rac8 25. Rc1 Bc5 26. Be5 Bb6 27. Rxc8 Qxc8 28.
Rc1 Qd7 29. Qg1 Rd8 30. Qf2 Ne8 31. Kg2 Bc7 32. Rf1 Qe7 33. Nxd4 Bxe5 34. Nc6
Qf6 35. Nxd8 Bxb2 36. Nxe6 Qxf2+ 37. Rxf2 Bf6 38. d4 Be7 39. Rb2 Bxa3 40. Rxb5
Kf7 41. Nc5 Nd6 42. Ra5 Bxc5 43. dxc5 Nxe4 44. c6 Nd6 45. Rxa4 Ke6 46. Ra7 Nc8
47. Rxg7 1-0

[Event "Titled Tue 1st Jul Early"]
[Site "chess.com INT"]
[Date "2025.07.01"]
[Round "1"]
[White "Szpar, Milosz"]
[Black "Fedorov, Artem Alek"]
[Result "1-0"]
[WhiteTitle "IM"]
[BlackTitle "CM"]
[WhiteElo "2490"]
[BlackElo "2157"]
[WhiteFideId "1184989"]
[BlackFideId "34418431"]
[EventDate "2025.07.01"]

1. e4 c5 2. Nf3 e6 3. d4 cxd4 4. Nxd4 Nf6 5. Nc3 Nc6 6. a3 d6 7. Be3 Be7 8. Qf3
O-O 9. O-O-O a6 10. Nxc6 bxc6 11. e5 Nd5 12. exd6 Bxd6 13. Ne4 Be5 14. Bc4 Rb8
15. Bb3 Qa5 16. Bd4 Bxd4 17. Rxd4 Bb7 18. Qg3 c5 19. Rc4 Rfc8 20. Rd1 Ba8 21.
Nd6 Rd8 22. Rg4 g6 23. Nc4 Qb5 24. h4 h5 25. Rxg6+ fxg6 26. Qxg6+ Kf8 27. Rd3
Ke7 28. Qg7+ Ke8 29. Rf3 Ne7 30. Ba4 Qxa4 31. Ne5 Rd1+ 32. Kxd1 Qd4+ 33. Rd3
Qxf2 34. Qh8+ Qf8 35. Qxf8+ Kxf8 36. Nd7+ Ke8 37. Nxb8 Bxg2 38. Rd6 Bd5 39. Nxa6
Nf5 40. Rb6 Nxh4 41. Nc7+ Ke7 42. Nxd5+ exd5 43. Rh6 Nf5 44. Rxh5 Ne3+ 45. Kc1
Kd6 46. Rh6+ Ke5 47. a4 Nc4 48. b3 Na5 49. Rb6 Nb7 50. Rxb7 1-0

[Event "Titled Tue 1st Jul Early"]
[Site "chess.com INT"]
[Date "2025.07.01"]
[Round "1"]
[White "Zozek Salah Mohammed"]
[Black "Shuvalov, Evgenij"]
[Result "0-1"]
[WhiteTitle "FM"]
[WhiteElo "2205"]
[BlackElo "1980"]
[WhiteFideId "4803361"]
[BlackFideId "4187237"]
[EventDate "2025.07.01"]

1. d4 Nf6 2. Nf3 g6 3. g3 Bg7 4. Bg2 O-O 5. O-O d5 6. c4 c6 7. cxd5 cxd5 8. Ne5
Nc6 9. Nxc6 bxc6 10. Nc3 Bf5 11. Bf4 Nh5 12. Be3 c5 13. Nxd5 e6 14. Nf4 cxd4 15.
Nxh5 gxh5 16. Bxa8 Qxa8 17. Bd2 Bh3 18. f3 Bxf1 19. Kxf1 Rb8 20. Qc2 d3 21. Qxd3
Rxb2 22. Rc1 Rxa2 23. Qd7 Ra1 24. Rxa1 Bxa1 25. Bh6 Bg7 26. Bxg7 Kxg7 27. Qd4+
Kg6 28. Qd3+ f5 29. Qd7 Kf6 30. Qxh7 a5 31. Qh6+ Ke7 32. Qg7+ Kd6 33. Qd4+ Qd5
34. Qb6+ Ke5 35. Qc7+ Kd4 36. Qb6+ Kc3 37. Qc7+ Kd2 38. Qf4+ Kd1 39. Qa4+ Kd2
40. Qf4+ Kc2 41. Qa4+ Kb2 42. h4 Qc5 43. Kg2 Qb4 44. Qd7 a4 45. Qxe6 a3 46. Qe5+
Qc3 47. Qb5+ Kc1 48. Qxf5 a2 49. Qg5+ Kd1 50. Qd5+ Qd2 51. Qe5 Qxe2+ 52. Qxe2+
Kxe2 53. g4 a1=Q 0-1

[Event "Titled Tue 1st Jul Early"]
[Site "chess.com INT"]
[Date "2025.07.01"]
[Round "1"]
[White "Novosel, Lovro"]
[Black "Vifleemskaia, Svetlana"]
[Result "1-0"]
[WhiteTitle "FM"]
[BlackTitle "WFM"]
[WhiteElo "2338"]
[BlackElo "1942"]
[WhiteFideId "14547120"]
[BlackFideId "4129490"]
[EventDate "2025.07.01"]

1. Nf3 Nf6 2. g3 b5 3. Bg2 Bb7 4. O-O e6 5. d4 Be7 6. Na3 a6 7. c4 b4 8. Nc2 O-O
9. a3 a5 10. b3 Na6 11. Bd2 Rb8 12. axb4 axb4 13. Qe1 c5 14. dxc5 Bxc5 15. Ra4
Be7 16. Bxb4 Nxb4 17. Nxb4 Bc6 18. Nxc6 dxc6 19. Qc3 c5 20. Ne5 Qb6 21. Nc6 Rb7
22. Nxe7+ Rxe7 23. Ra5 Rb8 24. Rb5 Qc7 25. Ra1 Rxb5 26. cxb5 Re8 27. Qc4 Qb6 28.
b4 cxb4 29. Qxb4 Nd5 30. Qc4 Nc7 31. Bc6 Rd8 32. e3 h6 33. h4 g6 34. h5 Kg7 35.
hxg6 Kxg6 36. Qg4+ Kh7 37. Qf4 Kg7 38. Qe5+ Kg6 39. Kg2 f6 40. Qe4+ Kg7 41. Qg4+
Kf7 42. Qh5+ Kg7 43. Rh1 Rh8 44. Qg4+ Kf7 45. Qb4 f5 46. Qc3 Rh7 47. Qe5 1-0

[Event "Titled Tue 1st Jul Early"]
[Site "chess.com INT"]
[Date "2025.07.01"]
[Round "1"]
[White "Ruiz Aguilar, Pablo Alexander"]
[Black "Qin, Kevin"]
[Result "0-1"]
[WhiteTitle "FM"]
[WhiteElo "2141"]
[BlackElo "2017"]
[WhiteFideId "4401352"]
[BlackFideId "2627949"]
[EventDate "2025.07.01"]

1. e4 e5 2. Nf3 d5 3. Nxe5 Bd6 4. d4 dxe4 5. Nc3 Bxe5 6. dxe5 Qxd1+ 7. Nxd1 Nc6
8. Bf4 Nge7 9. Bb5 Bd7 10. Bxc6 Bxc6 11. Ne3 O-O-O 12. Rd1 Ng6 13. Bg3 Rxd1+ 14.
Kxd1 Re8 15. Nf5 Nxe5 16. Nxg7 Rd8+ 17. Kc1 Nc4 18. Nf5 b6 19. b3 Na5 20. Rd1
Rxd1+ 21. Kxd1 Kd7 22. Ke2 Bb7 23. Ke3 c5 24. c3 Bc6 25. Kf4 Ke6 26. Ne3 f6 27.
Nf1 Nb7 28. Nd2 Nd6 29. Ke3 Nb5 30. Nb1 f5 31. c4 Nd4 32. Bb8 a6 33. Ba7 Nc2+
34. Kd2 Nb4 35. Bxb6 Nd3 36. f3 exf3 37. gxf3 Ne5 38. f4 Nd7 39. Ba7 Kd6 40. Ke3
Be4 41. Nc3 Bc2 42. Na4 Kc6 43. Nc3 Kb7 44. Nd5 Kxa7 45. Ne7 Kb7 46. Ng8 Kc6 47.
Nh6 Bb1 48. a3 Kd6 49. b4 Ke6 50. a4 cxb4 0-1

[Event "Titled Tue 1st Jul Early"]
[Site "chess.com INT"]
[Date "2025.07.01"]
[Round "1"]
[White "Jiganchine, Roman"]
[Black "Levitskiy, Andrey"]
[Result "0-1"]
[WhiteTitle "CM"]
[BlackTitle "FM"]
[WhiteElo "2205"]
[BlackElo "2306"]
[WhiteFideId "2603667"]
[BlackFideId "14132885"]
[EventDate "2025.07.01"]

1. Nf3 d5 2. e3 Nf6 3. c4 e6 4. b3 Be7 5. Bb2 O-O 6. Nc3 c6 7. Qc2 Nbd7 8. d4 b6
9. Bd3 Bb7 10. O-O Rc8 11. Rad1 c5 12. Qe2 cxd4 13. exd4 Bd6 14. Ne5 Qe7 15.
Rfe1 Rfd8 16. h3 Nf8 17. cxd5 Bb4 18. d6 Qxd6 19. Nc4 Qf4 20. a3 Qg5 21. f4 Qxf4
22. axb4 Qxd4+ 23. Qf2 Qxf2+ 24. Kxf2 Nd5 25. Nxd5 Bxd5 26. b5 Rc5 27. Bd4 Rxb5
28. Rb1 Rb4 29. Bc3 Rb5 30. Bf1 Rc5 31. Bb4 Rcc8 32. Nd6 Rc7 33. Nb5 Rc2+ 34.
Re2 Rxe2+ 35. Bxe2 a5 36. Be1 Ra8 37. Nc3 Bb7 38. Rc1 Rc8 39. Na2 Rxc1 40. Nxc1
Nd7 41. Bc3 Nc5 42. Bc4 Kf8 43. Ke3 f6 44. g4 Ke7 45. Ne2 Kd6 46. Bd4 Bd5 0-1

[Event "Titled Tue 1st Jul Early"]
[Site "chess.com INT"]
[Date "2025.07.01"]
[Round "1"]
[White "Bashirov, Kemal"]
[Black "Bilochenko, Matvii"]
[Result "0-1"]
[WhiteTitle "FM"]
[BlackTitle "CM"]
[WhiteElo "2305"]
[BlackElo "2005"]
[WhiteFideId "14183650"]
[BlackFideId "41834062"]
[EventDate "2025.07.01"]

1. d4 d5 2. c4 e6 3. Nc3 c5 4. cxd5 cxd4 5. Qa4+ Bd7 6. Qxd4 exd5 7. Qxd5 Nf6 8.
Qd1 Bc5 9. Nf3 Nc6 10. e3 O-O 11. Be2 Qe7 12. O-O Rfd8 13. Qc2 Ne5 14. Nd4 Nc6
15. Rd1 Nxd4 16. exd4 Bd6 17. Bg5 Qe6 18. Bxf6 Qxf6 19. Ne4 Qg6 20. Bd3 Rac8 21.
Qe2 Bf5 22. Nxd6 Rxd6 23. Bxf5 Qxf5 24. Rac1 Rcd8 25. Qe3 h6 26. h3 Re6 27. Qd2
Rde8 28. Re1 Qd5 29. Rxe6 Rxe6 30. Rc8+ Kh7 31. b3 g6 32. Qf4 Kg7 33. Rc7 Rf6
34. Qe3 Re6 35. Qf4 Rf6 36. Qe5 Qxe5 37. dxe5 Rb6 38. f4 Kf8 39. Kf2 Ke8 40. Ke3
f6 41. g3 fxe5 42. fxe5 Kd8 43. Rh7 h5 44. Ke4 Ra6 45. Rxb7 Rxa2 46. Rg7 Ra6 47.
Kd5 Ra5+ 48. Ke6 Ra6+ 49. Kf7 Rb6 50. e6 Rb7+ 51. Kf6 Rxb3 52. e7+ Kd7 53. Kxg6
Rxg3+ 54. Kh6 Rxg7 55. Kxg7 Kxe7 56. Kg6 a5 57. Kxh5 a4 58. Kg6 a3 59. Kg7 a2
60. h4 a1=Q+ 0-1

[Event "Titled Tue 1st Jul Early"]
[Site "chess.com INT"]
[Date "2025.07.01"]
[Round "1"]
[White "Vidruska, Renate"]
[Black "Yatskar, Martin"]
[Result "0-1"]
[WhiteTitle "WFM"]
[BlackTitle "CM"]
[WhiteElo "2026"]
[BlackElo "2225"]
[WhiteFideId "11601841"]
[BlackFideId "34109676"]
[EventDate "2025.07.01"]

1. e4 e5 2. Nf3 Nc6 3. Nc3 Nf6 4. d4 exd4 5. Nxd4 Bb4 6. Nxc6 bxc6 7. Bd3 O-O 8.
O-O Re8 9. Bg5 h6 10. Bh4 Qe7 11. h3 Rb8 12. Qf3 g5 13. Bg3 d6 14. e5 dxe5 15.
Qxc6 Bb7 16. Qc4 Ba8 17. a3 Bc5 18. b4 Bd4 19. Rae1 Qd7 20. Rd1 Nh5 21. Ne2 Nxg3
22. Nxg3 Bd5 23. Bf5 Bxc4 24. Bxd7 Red8 25. Bg4 Bxf1 26. Kxf1 Bb2 27. Rxd8+ Rxd8
28. a4 Rd4 29. Nf5 Rxb4 30. Nxh6+ Kf8 31. Bd7 Ke7 32. Bb5 Kd6 33. Nxf7+ Kc5 34.
Nxg5 c6 35. Bd3 Rxa4 36. Ne4+ Kd5 37. Ng5 e4 38. c4+ Kd4 39. Bxe4 Bc1 40. Bxc6
Rxc4 41. Nf3+ Kc5 42. Be8 a5 43. h4 a4 44. Bf7 Rc3 45. h5 a3 46. Ke2 Bh6 47. g4
a2 48. Bxa2 Rc2+ 49. Kd3 Rxa2 50. g5 Bf8 51. Ke3 Kd5 52. h6 Ra6 53. Kf4 Ke6 54.
Nd4+ Kf7 55. Nf5 Ra4+ 56. Ke5 Kg6 57. f4 Ra5+ 58. Ke4 Rxf5 59. h7 Bg7 60. h8=Q
Bxh8 0-1

[Event "Titled Tue 1st Jul Early"]
[Site "chess.com INT"]
[Date "2025.07.01"]
[Round "1"]
[White "Niemann, Hans Moke"]
[Black "Ramiro Ovejero, Juan Luis"]
[Result "1-0"]
[WhiteTitle "GM"]
[BlackTitle "IM"]
[WhiteElo "2736"]
[BlackElo "2334"]
[WhiteFideId "2093596"]
[BlackFideId "2210436"]
[EventDate "2025.07.01"]

1. e4 e5 2. Nf3 Nc6 3. Bc4 Nf6 4. d3 h6 5. O-O d6 6. a4 g6 7. a5 a6 8. Nc3 Bg7
9. h3 O-O 10. Re1 Kh8 11. Be3 Ng8 12. d4 exd4 13. Nxd4 Nxd4 14. Bxd4 Bxd4 15.
Qxd4+ Qf6 16. Rad1 Qxd4 17. Rxd4 Be6 18. e5 c5 19. Rde4 Bf5 20. R4e2 dxe5 21. g4
Bd7 22. Rxe5 Rad8 23. Rxc5 Bc6 24. Bd5 Bxd5 25. Nxd5 Kg7 26. c4 Rd7 27. Nb6 Rd2
28. b4 Rb2 29. b5 Rd8 30. Re3 Rdd2 31. Rf3 axb5 32. cxb5 Rd1+ 33. Kg2 Rbb1 34.
Re3 Nf6 35. Rce5 Rg1+ 36. Kf3 Ra1 37. Nc4 Ra4 38. Nd6 h5 39. g5 Nh7 40. Nxb7
Nxg5+ 41. Ke2 Ra2+ 42. Kd3 Ne6 43. b6 Rb1 44. Kc4 Ra4+ 45. Kd5 Rc1 46. Kd6 Rd4+
47. Rd5 Ra4 48. Rxe6 1-0

[Event "Titled Tue 1st Jul Early"]
[Site "chess.com INT"]
[Date "2025.07.01"]
[Round "1"]
[White "Terry, Renato"]
[Black "Aalto, Patrik"]
[Result "1-0"]
[WhiteTitle "IM"]
[BlackTitle "FM"]
[WhiteElo "2508"]
[BlackElo "2316"]
[WhiteFideId "3803457"]
[BlackFideId "510726"]
[EventDate "2025.07.01"]

1. e4 c5 2. Nf3 e6 3. Nc3 a6 4. g3 d5 5. exd5 exd5 6. d4 cxd4 7. Nxd4 Nf6 8. Bg2
Bg4 9. Qd3 Be7 10. O-O O-O 11. Re1 Nc6 12. Bf4 Bc5 13. Nb3 Bb4 14. a3 Bxc3 15.
Qxc3 Rc8 16. Qd2 h6 17. f3 Bf5 18. Rad1 Re8 19. Rxe8+ Qxe8 20. c3 Rd8 21. Re1
Qd7 22. g4 Bh7 23. Be3 Ne5 24. Bd4 Nc4 25. Qf2 Qd6 26. Nc5 Qc6 27. a4 a5 28. b3
Nb6 29. Nxb7 Qxb7 30. Bxb6 Rb8 31. Bxa5 Qxb3 32. Ra1 Bd3 33. Bb4 Re8 34. Re1
Rxe1+ 35. Qxe1 Qxa4 36. h3 Qd7 37. Qe3 Bg6 38. Bc5 Qc6 39. Bd4 Nd7 40. h4 Bc2
41. Qe8+ Kh7 42. Qxf7 Nf6 43. g5 hxg5 44. hxg5 Ne8 45. f4 Be4 46. Bh3 Qc5 47.
Qh5+ Kg8 48. Be6+ 1-0

[Event "Titled Tue 1st Jul Early"]
[Site "chess.com INT"]
[Date "2025.07.01"]
[Round "1"]
[White "Fikiet, Alex"]
[Black "Goroshkov, Maksym"]
[Result "0-1"]
[BlackTitle "FM"]
[WhiteElo "2151"]
[BlackElo "2343"]
[WhiteFideId "2052717"]
[BlackFideId "14142716"]
[EventDate "2025.07.01"]

1. e4 e5 2. Bc4 Nc6 3. Nc3 Nf6 4. d3 Be7 5. f4 O-O 6. Nf3 d6 7. f5 Na5 8. g4
Nxc4 9. dxc4 c6 10. Qd3 d5 11. cxd5 cxd5 12. Nxd5 Nxd5 13. Qxd5 Qxd5 14. exd5 e4
15. Ng5 Re8 16. Kf2 b6 17. Nxe4 Bh4+ 18. Kf3 g6 19. Nd6 Rd8 20. Bf4 Be7 21. Nxc8
Raxc8 22. d6 Bxd6 23. Rad1 Bxf4 24. Rxd8+ Rxd8 25. Kxf4 Rd2 26. f6 Rf2+ 27. Kg5
Rxc2 28. Rd1 h6+ 29. Kxh6 Rxh2+ 30. Kg5 Rxb2 31. Rd8+ Kh7 32. Rd7 Rb5+ 33. Kf4
g5+ 34. Ke4 Kg6 35. Rxa7 Rb4+ 36. Kf3 Rf4+ 37. Kg3 Rxf6 38. a4 Rc6 39. Ra6 f6
40. a5 Rc3+ 41. Kg2 Ra3 42. Rxb6 Rxa5 43. Kg3 Ra3+ 44. Kg2 Rd3 45. Ra6 Kf7 46.
Rb6 Ke7 47. Ra6 Rd6 48. Ra5 Ke6 49. Kg3 Rd3+ 50. Kg2 Rd5 51. Ra4 Ke5 52. Kg3
Rd3+ 53. Kg2 Rd4 54. Ra5+ Kf4 55. Rf5+ Kxg4 56. Rxf6 Rd2+ 57. Kf1 Kg3 58. Ra6 g4
59. Ra8 Rd1+ 60. Ke2 Rd5 61. Ra3+ Kg2 62. Ra8 Re5+ 63. Kd2 g3 64. Rg8 Kf2 65.
Rf8+ Kg1 66. Rg8 g2 67. Rg7 Re8 68. Rg6 Rh8 69. Rg7 Kh1 0-1

[Event "Titled Tue 1st Jul Early"]
[Site "chess.com INT"]
[Date "2025.07.01"]
[Round "1"]
[White "Cori Quispe, Kevin Joel"]
[Black "Bhatia, Kanishka"]
[Result "1-0"]
[WhiteTitle "GM"]
[BlackTitle "WCM"]
[WhiteElo "2461"]
[BlackElo "1923"]
[WhiteFideId "3814017"]
[BlackFideId "2410095"]
[EventDate "2025.07.01"]

1. e4 e5 2. Nf3 Nc6 3. Bb5 Nf6 4. d3 Bc5 5. Bxc6 dxc6 6. h3 Qe7 7. Nbd2 O-O 8.
Nc4 Bd6 9. O-O h6 10. a4 Bd7 11. b3 Rae8 12. Be3 a6 13. a5 Nh7 14. Re1 f6 15.
Nh4 Qf7 16. Nf5 Bb4 17. Bd2 Bxd2 18. Qxd2 Bxf5 19. exf5 Qd5 20. h4 Rd8 21. Qb4
Qb5 22. Qe7 Rc8 23. Re4 Rf7 24. Qe6 Rd8 25. Ne3 Nf8 26. Qc4 Qxc4 27. bxc4 Rb8
28. c3 Nd7 29. d4 Re7 30. c5 Kf7 31. Nc4 exd4 32. Rxe7+ Kxe7 33. cxd4 Kf7 34.
Rb1 Ke7 35. f3 Nf8 36. Kf2 g6 37. Re1+ Kd7 38. g4 gxf5 39. gxf5 Re8 40. Rg1 Re7
41. Rg8 Rf7 42. Ne3 Ke8 43. Ng4 h5 44. Ne3 Rd7 45. Nc2 Kf7 46. Rg1 Rd5 47. Rb1
Ke7 48. Rxb7 Kd7 49. Ra7 Rxf5 50. Rxa6 Ne6 51. Ke3 Rf4 52. d5 1-0

[Event "Titled Tue 1st Jul Early"]
[Site "chess.com INT"]
[Date "2025.07.01"]
[Round "1"]
[White "Osiecki, Stanislaw"]
[Black "Light, Bjarne"]
[Result "1/2-1/2"]
[WhiteTitle "FM"]
[BlackTitle "CM"]
[WhiteElo "1944"]
[BlackElo "2227"]
[WhiteFideId "1102990"]
[BlackFideId "1401360"]
[EventDate "2025.07.01"]

1. e4 c5 2. c3 e6 3. d4 d5 4. e5 Nc6 5. Nf3 a5 6. Bd3 a4 7. O-O Qb6 8. Bc2 Nge7
9. Bxa4 Nf5 10. Bxc6+ bxc6 11. dxc5 Bxc5 12. b4 Be7 13. Nbd2 Ba6 14. Re1 c5 15.
a3 O-O 16. Nb3 Bc4 17. Nxc5 Bxc5 18. bxc5 Qxc5 19. Nd4 Ne7 20. Qg4 Qc7 21. h4
Ng6 22. f4 Ne7 23. h5 g6 24. h6 Nf5 25. Nxf5 exf5 26. Qg5 f6 27. exf6 Qb6+ 28.
Be3 Qxf6 29. Qxf6 Rxf6 30. Bd4 Rf7 31. Re5 Rb7 32. Rae1 Kf7 33. Bc5 Rc8 34. Re7+
Rxe7 35. Rxe7+ Kf6 36. Bb4 g5 37. fxg5+ Kxg5 38. Rxh7 Kg6 39. Re7 Kxh6 40. Kf2
Kg5 41. Kg3 Rh8 42. Bd6 Rh1 43. Bf4+ Kf6 44. Ra7 Ra1 45. Be3 Ra2 46. Bd4+ Ke6
47. Ra8 Bf1 48. Bf2 f4+ 49. Kf3 Be2+ 50. Kxf4 Bc4 51. Kg3 d4 52. cxd4 Bd5 53.
Re8+ Kf7 54. Rc8 Rxa3+ 55. Kh2 Ra2 56. Kg3 Ra3+ 57. Kh2 Ra2 58. Kg3 Ra3+ 1/2-1/2